| 000 | 00324nam a2200097Ia 4500 | ||
|---|---|---|---|
| 008 | 220120s9999||||xx |||||||||||||| ||und|| | ||
| 100 |
_aAmbika and others _912595 |
||
| 245 | 0 | _aMicrocontroller based smart ATM access and security system u | |
| 260 |
_aCoorg Institute of Technology _bPonnampet _c2016 |
||
| 650 | _aCOMPUTER SCIENCE | ||
| 999 |
_c138193 _d138193 |
||